|
|
|
|
| LEADER |
00000nab a2200000 a 4500 |
| 001 |
vtls000521319 |
| 003 |
SK-MaSNL |
| 005 |
20260304100013.0 |
| 008 |
250425c1994 xo 0 slo |
| 015 |
|
|
|a SNBRB19rr/mm-uuuuu
|
| 035 |
|
|
|a CL0521457
|
| 035 |
|
|
|a urn:nbn:sk:snk-ab2shg
|
| 035 |
|
|
|a (urnnbn)urn:nbn:sk:snk:ar-a02veo
|
| 035 |
|
|
|a (uuid)1848bbf7-d821-441a-a6a1-544620724434
|
| 040 |
|
|
|a SNKBUCL
|b slo
|c SNKBUCL
|e AACR2
|
| 041 |
0 |
|
|a cze
|
| 044 |
|
|
|a xo
|c SK
|
| 080 |
|
|
|a 368.5(437.1/.2)
|2 1981
|
| 080 |
|
|
|a 631(437.1/.2)
|2 1981
|
| 100 |
1 |
|
|a Vilhelm, Václav,
|d 1956-
|4 aut
|9 182091
|
| 245 |
1 |
0 |
|a Pojistitelná rizika v zemědělské výrobě
|c Václav Vilhelm
|
| 650 |
0 |
7 |
|a poistenie poľnohospodárske
|2 snkbucl
|9 849293
|
| 650 |
0 |
7 |
|a Česká republika
|2 snkbucl
|9 894061
|
| 655 |
|
7 |
|a články z novín a časopisov
|2 snkbucl
|9 267496
|
| 773 |
0 |
|
|t Agroekonomika
|g Roč. 3, č. 5 (1994), s. 224-225
|x 0323-2670
|
| 850 |
|
|
|a Slovenská národná knižnica
|
| 852 |
|
|
|a Slovenská národná knižnica
|
| 954 |
|
|
|a odborná, vedecká literatúra cudzojazyčná (svetová)
|2 lita
|
| 954 |
|
|
|a odborná, vedecká literatúra pôvodná (slovenská)
|2 lita
|
| 958 |
|
|
|a article27
|
| 958 |
|
|
|a OND
|
| 958 |
|
|
|a RK
|
| 958 |
|
|
|a CZ
|
| 958 |
|
|
|a EUIPO
|
| 992 |
|
|
|a RBX
|
| 999 |
|
|
|c 2835321
|d 2837251
|